სოფლის მეურნეობის წარმოების მექანიზაცია და ელექტროფიკაცია.ნაწ.1. ტრაქტორები და ავტომობილები. (ბიბ.ჩანაწერი № 44404)
[ მარტივი ფორმატი ]
| 000 -LEADER | |
|---|---|
| fixed length control field | 01281nam a2200229Ia 4500 |
| 001 - CONTROL NUMBER | |
| control field | 11170 |
| 003 - CONTROL NUMBER IDENTIFIER | |
| control field | GE_BSU |
| 008 - FIXED-LENGTH DATA ELEMENTS--GENERAL INFORMATION | |
| fixed length control field | 181216s||||||||xx |||||||||||||| ||und|| |
| 040 ## - CATALOGING SOURCE | |
| Transcribing agency | GE_BSU |
| 080 ## - UNIVERSAL DECIMAL CLASSIFICATION NUMBER | |
| Universal Decimal Classification number | 631.3(075.32)+637.37.621.3(075.32)+629.114.2(075.32)+629.114.3(075.32) |
| 100 ## - MAIN ENTRY--PERSONAL NAME | |
| Personal name | კოპალიანი,ლ |
| 245 ## - TITLE STATEMENT | |
| Title | სოფლის მეურნეობის წარმოების მექანიზაცია და ელექტროფიკაცია.ნაწ.1. ტრაქტორები და ავტომობილები. |
| 245 ## - TITLE STATEMENT | |
| Remainder of title | სახელმძღვ.სოფლის მეურნეობის საშუალო სპეც.სასწ. მოსწავლეთათვის. |
| 245 ## - TITLE STATEMENT | |
| Statement of responsibility, etc. | რედ:ლ.მუშკუდიანი. |
| 260 ## - PUBLICATION, DISTRIBUTION, ETC. | |
| Place of publication, distribution, etc. | თბილისი. |
| 260 ## - PUBLICATION, DISTRIBUTION, ETC. | |
| Name of publisher, distributor, etc. | განათლება. |
| 260 ## - PUBLICATION, DISTRIBUTION, ETC. | |
| Date of publication, distribution, etc. | 1988. |
| 300 ## - PHYSICAL DESCRIPTION | |
| Extent | 399გვ;22სმ. |
| 300 ## - PHYSICAL DESCRIPTION | |
| Accompanying material | ილ;ცხრ. |
| 653 ## - INDEX TERM--UNCONTROLLED | |
| Uncontrolled term | სოფლის მეურნეობის წარმოების მექანიზაცია და ელექტროფიკაცია.ნაწ.1. ტრაქტორები და ავტომობილები. |
| 942 ## - ADDED ENTRY ELEMENTS (KOHA) | |
| Koha item type | წიგნი |
| Withdrawn status | Lost status | Damaged status | Not for loan | Date acquired | Barcode | Date last seen | Price effective from | Koha item type |
|---|---|---|---|---|---|---|---|---|
| 2018-12-17 | 19127 | 2018-12-17 | 2018-12-17 | წიგნი | ||||
| 2018-12-17 | 19128 | 2018-12-17 | 2018-12-17 | წიგნი | ||||
| 2018-12-17 | 19129 | 2018-12-17 | 2018-12-17 | წიგნი | ||||
| 2018-12-17 | 19130 | 2018-12-17 | 2018-12-17 | წიგნი | ||||
| 2018-12-17 | 19131 | 2018-12-17 | 2018-12-17 | წიგნი | ||||
| 2018-12-17 | 19132 | 2018-12-17 | 2018-12-17 | წიგნი | ||||
| 2018-12-17 | 19133 | 2018-12-17 | 2018-12-17 | წიგნი | ||||
| 2018-12-17 | 19134 | 2018-12-17 | 2018-12-17 | წიგნი | ||||
| 2018-12-17 | 19135 | 2018-12-17 | 2018-12-17 | წიგნი | ||||
| 2018-12-17 | 19136 | 2018-12-17 | 2018-12-17 | წიგნი | ||||
| 2018-12-17 | 19137 | 2018-12-17 | 2018-12-17 | წიგნი | ||||
| 2018-12-17 | 19138 | 2018-12-17 | 2018-12-17 | წიგნი | ||||
| 2018-12-17 | 19139 | 2018-12-17 | 2018-12-17 | წიგნი | ||||
| 2018-12-17 | 19140 | 2018-12-17 | 2018-12-17 | წიგნი | ||||
| 2018-12-17 | 19141 | 2018-12-17 | 2018-12-17 | წიგნი | ||||
| 2018-12-17 | 19142 | 2018-12-17 | 2018-12-17 | წიგნი | ||||
| 2018-12-17 | 19143 | 2018-12-17 | 2018-12-17 | წიგნი | ||||
| 2018-12-17 | 19144 | 2018-12-17 | 2018-12-17 | წიგნი | ||||
| 2018-12-17 | 19145 | 2018-12-17 | 2018-12-17 | წიგნი | ||||
| 2018-12-17 | 19146 | 2018-12-17 | 2018-12-17 | წიგნი | ||||
| 2018-12-17 | 19147 | 2018-12-17 | 2018-12-17 | წიგნი | ||||
| 2018-12-17 | 19148 | 2018-12-17 | 2018-12-17 | წიგნი | ||||
| 2018-12-17 | 19149 | 2018-12-17 | 2018-12-17 | წიგნი | ||||
| 2018-12-17 | 19150 | 2018-12-17 | 2018-12-17 | წიგნი | ||||
| 2018-12-17 | 19151 | 2018-12-17 | 2018-12-17 | წიგნი | ||||
| 2018-12-17 | 19152 | 2018-12-17 | 2018-12-17 | წიგნი | ||||
| 2018-12-17 | 19153 | 2018-12-17 | 2018-12-17 | წიგნი | ||||
| 2018-12-17 | 19154 | 2018-12-17 | 2018-12-17 | წიგნი | ||||
| 2018-12-17 | 19155 | 2018-12-17 | 2018-12-17 | წიგნი | ||||
| 2018-12-17 | 19156 | 2018-12-17 | 2018-12-17 | წიგნი | ||||
| 2018-12-17 | 19157 | 2018-12-17 | 2018-12-17 | წიგნი | ||||
| 2018-12-17 | 19158 | 2018-12-17 | 2018-12-17 | წიგნი | ||||
| 2018-12-17 | 19159 | 2018-12-17 | 2018-12-17 | წიგნი | ||||
| 2018-12-17 | 19160 | 2018-12-17 | 2018-12-17 | წიგნი | ||||
| 2018-12-17 | 19161 | 2018-12-17 | 2018-12-17 | წიგნი |
